Programming ASP.NET

Bibliographic Details
Main Author: LIBERTY
Other Authors: Hurwitz
Format: Book
Published: Sebastopol, CA : O'Reilly , 2002
Subjects:

MARC

LEADER 00000cam a2200000 7i4500
001 0000002301
005 20030523.0
020 0 0 |a 0596001711 
090 0 0 |a 005.276   |b LIB 2002 
100 1 0 |a LIBERTY   |h Jesse 
245 1 0 |a Programming ASP.NET   |c Jesse Liberty and Dan Hurwitz 
260 0 0 |a Sebastopol, CA :   |b O'Reilly ,   |c 2002 
300 |a xiii, 944 p. :   |b ill. ;   |c 24 cm. 
500 0 0 |a Includes index 
650 0 0 |a C# (Computer program language) 
650 0 0 |a Web sites   |x Computer programs 
650 0 0 |a Web sites   |x Design 
700 0 1 |a Hurwitz   |h Dan 
998 |a JPSM 
999 |a 0000004318   |b Monograph   |c Open Shelf   |e Default branch